000 01460nam a22002177a 4500
999 _c58937
_d58937
003 Ge_BSU
005 20221021120711.0
008 221021s2003 ge ||||| |||| 00| 0 geo d
041 _ageo
080 _a271.22(479.22)(09) ჯ-26
100 _aანანია (ჯაფარიძე) მთავარეპისკოპოსი
_915422
245 _aსაქართველოს საეკლესიო კრებები :
_bტ. 3, მიმდინარე კრებები (XIX-XX საუკუნეები) /
_cანანია (ჯაფარიძე); რედ.: ლია შარვაშიძე ; მხატვ.: ჯემალ ზენაიშვილი. საქ. საპატრიარქოს მანგლის-წალკის ეპარქია, სტუ-ს თეოლოგიის კათედრა.
264 _aთბილისი :
_bმერანი,
_c2003.
300 _a352 გვ. ;
_b20 სმ.
653 _a საეკლესიო კრებები
653 _aქრისტიანობა
653 _aრელიგია
700 _aშარვაშიძე, ლია
_eრედაქტორი
_95787
710 _aსაქ. საპატრიარქოს მანგლის-წალკის ეპარქია, სტუ-ს თეოლოგიის კათედრა
_915434
942 _2udc
_cBK